000
00315nam a2200121Ia 4500
005
20251222143247.0
008
251222s9999||||xx |||||||||||||| ||spa||
082
_a
262.7/C76
100
_a
Consejo Pontificio de la Cultura
245
0
_a
Jesucristo portador del Agua de la Vida:
264
_b
EPICONSA
942
_c
LIB
999
_c
14791
_d
14791